00482 a2200169 450000100060000002000180000604000220002410000160004624000320006224500270009430000080012136200090012965000350013894200070017395201150018099900170029559900 a9783789140242 cAnchieta - Pituba aKerr, P. B.10aDie kinder des dschinnlpor10aDie kinder des dschinn a3770 a2005 4aLiteratura juvenil em alemàƒo cBK 00104070a91.1b91.1d2023-11-21l0oLJ 028.543 K41k KER KINp11385/PITr2023-11-21 18:27:59w2023-11-21yBK c59900d59900